Les Pays ayant la meilleure attaque par Coupe du Monde - Statistiques

Statistiques générales
  • Ce quiz a été pris 444 fois
    277 depuis la dernière actualisation
  • Le résultat moyen est 10 sur 12
Statistiques - réponses
Réponse % Correct
France
100%
Allemagne
99%
Argentine
99%
Brésil
99%
RFA
99%
Italie
97%
Belgique
89%
Pays-Bas
78%
Portugal
78%
Hongrie
58%
Suède
55%
Pologne
46%
Aucun quiz correspondant
Distribution des résultats
% des personnes avec chaque résultat
Percentile par nombre de réponses
Votre historique - résultats
Vous n’avez pas pris ce quiz depuis la dernière actualisation